000 01301nam a2200253Ia 4500
008 130821s2008 enk gs eng
020 _a9780521728966
040 _aCo-BoUCM
_bspa
041 0 0 _aeng
092 _aCD 0233
110 2 _aJoint Association of Classical Teachers. Greek Course
245 1 0 _aSpeaking Greek
_c[CD-ROM]
_cJoint Association of Classical Teachers. Greek Course
250 _a2nd ed.
260 _aCambridge (Inglaterra)
_bCambridge University Press
_c2008
300 _a1 CD-ROM.
505 _aDISCO 1 : Pronouncing Ancient Greek: an introduction. -- The insurance scam. -- The glorious past. -- Athens and Sparta. -- DISCO 2 : Lawlessness in Athenian life. -- Wasps / Aristophanes. -- Lysistrata / Aristophanes. -- Against Neaira / Demosthenes. -- Alkestis / Euripides. -- Against Mnesiboulos and Euergos / Demosthenes. -- Protagoras / Plato. -- The story of Adrastos / Herodotus. -- Odyssey 6 / Homer.
650 0 4 _aGriego
_xGramática comparada y general
_vCD-ROM
_916537
650 0 4 _aGriego
_xPronunciación
_vCD-ROM
_916537
650 0 4 _aLingüística aplicada
650 0 4 _aLiteratura griega
_976
650 0 4 _aLiteratura griega
_xHistoria y crítica
_vCD-ROM
_976
651 4 _aGrecia
_xVida social y costumbres
_vCD-ROM
_926629
942 _cMULTIMEDIA
_2LOCAL
_a12
_e2
999 _c64883
_d64883